[Event "Scarborough CC Jack Frost"]
[Site "Toronto CAN"]
[Date "2010.01.21"]
[Round "3"]
[White "Wiebe, Daniel"]
[Black "Paterson, Jim"]
[Result "1/2-1/2"]
[WhiteElo "1940"]
[BlackElo "1877"]
[PlyCount "70"]
[EventDate "2010.01.07"]
[EventType "swiss"]
[EventRounds "6"]
[EventCountry "CAN"]

1. e4 Nf6 2. Nc3 d6 3. d4 c6 4. Bc4 g6 5. Be3 Bg7 6. f3 Nbd7 7. Qd2 O-O 8. g4
h5 9. O-O-O b5 10. Bb3 a5 11. a4 b4 12. Nce2 Qc7 13. gxh5 Nxh5 14. Nf4 Nxf4 15.
Bxf4 c5 16. dxc5 Nxc5 17. Kb1 Nxb3 18. cxb3 Be6 19. Qe3 Rfc8 20. Qd3 Ra6 21.
Rc1 Rc6 22. Ne2 Qb6 23. Be3 Rxc1+ 24. Rxc1 Rxc1+ 25. Kxc1 Qb7 26. Nf4 Bd7 27.
Nd5 Bc6 28. Qc4 Bxd5 29. Qxd5 Qc7+ 30. Qc4 Qd7 31. Bb6 Qh3 32. Qe2 Qe6 33. Kc2
Qe5 34. Kb1 f5 35. Kc1 Bf6 1/2-1/2

[Event "Scarborough CC Jack Frost"]
[Site "Toronto CAN"]
[Date "2010.01.21"]
[Round "3"]
[White "Yusuf, Magas"]
[Black "Armstrong, Robert J"]
[Result "1/2-1/2"]
[WhiteElo "1614"]
[BlackElo "1810"]
[PlyCount "47"]
[EventDate "2010.01.07"]
[EventType "swiss"]
[EventRounds "6"]
[EventCountry "CAN"]

1. e4 g6 2. d4 Bg7 3. Nf3 d6 4. Be2 Nf6 5. Nc3 O-O 6. O-O Nc6 7. Re1 e5 8. Bg5
h6 9. Bh4 g5 10. Bg3 Nd7 11. dxe5 Ndxe5 12. Qd2 Be6 13. Rad1 Nxf3+ 14. Bxf3 g4
15. Be2 h5 16. Bf4 h4 17. Bh6 Kh7 18. Bxg7 Kxg7 19. Nd5 g3 20. Nxc7 gxf2+ 21.
Kxf2 Qxc7 22. Qg5+ Kh7 23. Qxh4+ Kg7 24. Qg5+ 1/2-1/2

[Event "Scarborough CC Jack Frost"]
[Site "Toronto CAN"]
[Date "2010.01.21"]
[Round "3"]
[White "Zhou, Kevin"]
[Black "Hall, John"]
[Result "1/2-1/2"]
[WhiteElo "1903"]
[BlackElo "2260"]
[PlyCount "89"]
[EventDate "2010.01.07"]
[EventType "swiss"]
[EventRounds "6"]
[EventCountry "CAN"]

1. e4 d6 2. d4 Nf6 3. Nc3 e5 4. dxe5 dxe5 5. Qxd8+ Kxd8 6. Bc4 Bb4 7. Bd2 Ke7
8. Nge2 Be6 9. Bxe6 fxe6 10. O-O-O c6 11. Be3 Nbd7 12. f3 Bc5 13. Bxc5+ Nxc5
14. b4 Ncd7 15. Kb2 Nb6 16. Kb3 a5 17. a4 axb4 18. Kxb4 Ra6 19. Ra1 Rha8 20.
Ra2 Nfd7 21. Rha1 Nc8 22. Nc1 Nd6 23. Nd1 Nb6 24. Nb2 g5 25. Ncd3 Nd7 26. Nc4
Nxc4 27. Kxc4 Ra5 28. Kb3 R8a6 29. c3 h5 30. h3 Ra8 31. Kc2 b5 32. Kb3 c5 33.
Nc1 c4+ 34. Kb4 bxa4 35. Rxa4 Rxa4+ 36. Rxa4 Rc8 37. Ka3 Kf6 38. Kb2 Nc5 39.
Rb4 g4 40. hxg4 hxg4 41. Kc2 gxf3 42. gxf3 Nd7 43. Kd2 Nf8 44. Ne2 Ng6 45. Ke3
1/2-1/2

[Event "Scarborough CC Jack Frost"]
[Site "Toronto CAN"]
[Date "2010.01.28"]
[Round "4"]
[White "Al Ganabi, Haqi"]
[Black "Bellomo, Joe"]
[Result "1-0"]
[WhiteElo "1990"]
[BlackElo "1748"]
[PlyCount "79"]
[EventDate "2010.01.07"]
[EventType "swiss"]
[EventRounds "6"]
[EventCountry "CAN"]

1. e4 c5 2. Nf3 d6 3. d4 cxd4 4. Nxd4 Nf6 5. Nc3 a6 6. Bc4 e6 7. Bb3 Be7 8. O-O
O-O 9. Be3 Bd7 10. f3 Nc6 11. Qd2 Rc8 12. Nxc6 Bxc6 13. Rad1 b5 14. Ne2 Qc7 15.
Nd4 Bd7 16. c3 e5 17. Nf5 Bxf5 18. exf5 Rcd8 19. Qf2 Nd7 20. Rd5 Nf6 21. Rd2
Rb8 22. g4 b4 23. g5 Ne8 24. g6 bxc3 25. gxf7+ Rxf7 26. Bxf7+ Kxf7 27. Rc2 Rxb2
28. Rxb2 cxb2 29. Qxb2 Qc6 30. Qb3+ Kf8 31. Kg2 e4 32. f4 Bf6 33. Rc1 Qd7 34.
Qd5 Qa4 35. Rc8 Be7 36. f6 gxf6 37. f5 Kg7 38. Qe6 Kh8 39. Qxe7 Qxa2+ 40. Kh3
1-0

[Event "Scarborough CC Jack Frost"]
[Site "Toronto CAN"]
[Date "2010.01.28"]
[Round "4"]
[White "Armstrong, Robert J"]
[Black "Cale, Ferdinand"]
[Result "0-1"]
[WhiteElo "1818"]
[BlackElo "1568"]
[PlyCount "46"]
[EventDate "2010.01.07"]
[EventType "swiss"]
[EventRounds "6"]
[EventCountry "CAN"]

1. d4 c6 2. c4 e6 3. Nf3 d5 4. e3 Nf6 5. Bd3 b6 6. O-O Bd6 7. Nc3 h6 8. b3 Bb7
9. Bb2 Nbd7 10. Re1 Qc7 11. e4 dxe4 12. Nxe4 Nxe4 13. Bxe4 Nf6 14. d5 O-O-O 15.
Rc1 Kb8 16. Qe2 c5 17. Bxf6 gxf6 18. dxe6 Rde8 19. Bxb7 Rxe6 20. Qd3 Kxb7 21.
Rxe6 fxe6 22. Qe4+ Qc6 23. Qxe6 Bxh2+ 0-1

[Event "Scarborough CC Jack Frost"]
[Site "Toronto CAN"]
[Date "2010.01.28"]
[Round "4"]
[White "Bao, Stephen"]
[Black "Marcille, Gord"]
[Result "1/2-1/2"]
[WhiteElo "1534"]
[BlackElo "1827"]
[PlyCount "98"]
[EventDate "2010.01.07"]
[EventType "swiss"]
[EventRounds "6"]
[EventCountry "CAN"]

1. e4 c5 2. Nf3 Nc6 3. d4 cxd4 4. Nxd4 e5 5. Nb5 Nf6 6. Bg5 a6 7. Bxf6 gxf6 8.
Nd6+ Bxd6 9. Qxd6 Qe7 10. Qxe7+ Nxe7 11. Nc3 d6 12. O-O-O Be6 13. Rxd6 Rc8 14.
Nd5 Nxd5 15. exd5 Ke7 16. Rb6 Bxd5 17. f3 Rc7 18. Be2 Rg8 19. g3 e4 20. Rd1
exf3 21. Bxa6 Bc6 22. Re1+ Kd6 23. Bd3 Rg5 24. Rb4 Re5 25. Kd2 Rce7 26. Rf1 f5
27. Rh4 f6 28. Rh6 Be4 29. Rxf6+ Kc7 30. Bxe4 fxe4 31. Ke3 Rb5 32. Rf4 Rxb2 33.
Rxe4 Rxe4+ 34. Kxe4 Rxc2 35. Rxf3 Rxh2 36. a3 Kd6 37. Rf6+ Kc7 38. Rf7+ Kc6 39.
Kf5 Ra2 40. Rxh7 Rxa3 41. g4 b5 42. g5 b4 43. g6 Rg3 44. Rh8 Kc5 45. Kf6 Kc4
46. Rb8 Kc3 47. g7 b3 48. Kf7 Kc2 49. Rxb3 Kxb3 1/2-1/2

[Event "Scarborough CC Jack Frost"]
[Site "Toronto CAN"]
[Date "2010.01.28"]
[Round "4"]
[White "Bellissimo, Joseph"]
[Black "Moysoski, Randy"]
[Result "0-1"]
[WhiteElo "1612"]
[BlackElo "1969"]
[PlyCount "144"]
[EventDate "2010.01.07"]
[EventType "swiss"]
[EventRounds "6"]
[EventCountry "CAN"]

1. e4 d5 2. exd5 Qxd5 3. Nc3 Qa5 4. Nf3 Bg4 5. Be2 Nf6 6. d4 e6 7. Bd2 Nbd7 8.
h3 Bf5 9. Nh4 Bg6 10. Nxg6 hxg6 11. Bf3 c6 12. Nd5 Qd8 13. Nxf6+ Nxf6 14. Bf4
Qb6 15. O-O O-O-O 16. c3 Be7 17. Qc2 Nh5 18. Bh2 g5 19. a4 a5 20. Qe2 Nf6 21.
c4 Qxd4 22. Rad1 Qc5 23. Bg4 Rxd1 24. Rxd1 Nxg4 25. Qxg4 Rd8 26. Rxd8+ Bxd8 27.
Qg3 Qb4 28. Qe5 Kd7 29. Qd4+ Ke8 30. Bd6 Qe1+ 31. Kh2 Bf6 32. Qc5 Kd7 33. Bg3
Qb4 34. Qa7 Bxb2 35. Qb8 Ke7 36. Qc7+ Kf6 37. h4 gxh4 38. Bxh4+ Kg6 39. Qg3+
Kh7 40. Qd3+ g6 41. Qh3 Kg8 42. Qd3 Be5+ 43. g3 Qd6 44. Qb3 Qd4 45. Kg2 b6 46.
Be7 Qe4+ 47. Kh2 Bd4 48. Qd1 Kg7 49. Qd2 c5 50. Bg5 f6 51. Bf4 e5 52. Be3 g5
53. Qe2 Kg6 54. Qd2 Bxe3 55. fxe3 Qxc4 56. Qd8 Qe2+ 57. Kh1 Qxe3 58. Qg8+ Kf5
59. Qh7+ Kg4 60. Kh2 Qf2+ 61. Kh1 Qf3+ 62. Kh2 Qxg3+ 63. Kh1 Qh3+ 64. Qxh3+
Kxh3 65. Kg1 e4 66. Kf2 f5 67. Ke3 Kg3 68. Ke2 f4 69. Ke1 e3 70. Ke2 f3+ 71.
Ke1 g4 72. Kd1 Kf2 0-1

[Event "Scarborough CC Jack Frost"]
[Site "Toronto CAN"]
[Date "2010.01.28"]
[Round "4"]
[White "Farrant-Diaz, Nathan"]
[Black "Conte, Mike"]
[Result "0-1"]
[WhiteElo "1696"]
[BlackElo "1801"]
[PlyCount "72"]
[EventDate "2010.01.07"]
[EventType "swiss"]
[EventRounds "6"]
[EventCountry "CAN"]

1. e4 c6 2. d4 d5 3. exd5 cxd5 4. Nc3 Nf6 5. Nf3 a6 6. Bd3 e6 7. a3 Be7 8. O-O
O-O 9. Ne5 b5 10. Bd2 Bb7 11. Qe1 Bd6 12. f4 Qb6 13. Be3 g6 14. Qh4 Nbd7 15.
Rf3 Kg7 16. Rh3 Rh8 17. Qh6+ Kg8 18. Rg3 Bf8 19. Qh4 Bg7 20. f5 Re8 21. Rf1
exf5 22. Bxf5 Nf8 23. Ng4 Nxg4 24. Qxg4 Rxe3 25. Bxg6 hxg6 26. Rxe3 Bxd4 27.
Qf3 Bxe3+ 28. Kh1 Qe6 29. Re1 d4 30. Qxb7 dxc3 31. bxc3 Rxh2+ 32. Kxh2 Bf4+ 33.
g3 Bxg3+ 34. Kxg3 Qxe1+ 35. Kh2 Qd2+ 36. Kg1 Qd1+ 0-1

[Event "Scarborough CC Jack Frost"]
[Site "Toronto CAN"]
[Date "2010.01.28"]
[Round "4"]
[White "Hacatoglu, Kevork"]
[Black "Pedersen, Rune"]
[Result "1/2-1/2"]
[WhiteElo "2209"]
[BlackElo "2356"]
[PlyCount "113"]
[EventDate "2010.01.07"]
[EventType "swiss"]
[EventRounds "6"]
[EventCountry "CAN"]

1. e4 c5 2. Nf3 Nc6 3. d4 cxd4 4. Nxd4 g6 5. c4 Bg7 6. Be3 Nf6 7. Nc3 Ng4 8.
Qxg4 Nxd4 9. Qd1 Ne6 10. Rc1 Qa5 11. Qd2 b6 12. Bd3 Bb7 13. f3 h5 14. O-O g5
15. Bb1 Be5 16. Rfd1 d6 17. Nd5 Qxd2 18. Rxd2 h4 19. Bc2 Bc6 20. b4 Rc8 21. Bb3
Bxd5 22. exd5 Bf4 23. Re2 Bxe3+ 24. Rxe3 Nf4 25. Rce1 Ng6 26. g3 hxg3 27. hxg3
O-O 28. Kg2 f5 29. Rc3 Kg7 30. Rec1 f4 31. g4 Rh8 32. Bc2 Ne5 33. Bf5 Rb8 34.
c5 bxc5 35. bxc5 dxc5 36. Rxc5 Rh4 37. Rc7 Rbh8 38. Rxe7+ Kf8 39. Rxe5 Rh2+ 40.
Kf1 Rh1+ 41. Ke2 Rxc1 42. d6 Rh2+ 43. Kd3 Rd1+ 44. Kc4 Rxd6 45. Be4 Rxa2 46.
Rxg5 Ra4+ 47. Kb3 Rxe4 48. fxe4 Rf6 49. Ra5 f3 50. Ra1 f2 51. Rf1 Kf7 52. Kc4
Ke6 53. Kd4 a5 54. g5 Rf8 55. g6 Rf6 56. g7 Kf7 57. e5 1/2-1/2

[Event "Scarborough CC Jack Frost"]
[Site "Toronto CAN"]
[Date "2010.01.28"]
[Round "4"]
[White "Huston, Scott"]
[Black "Maister, Martin"]
[Result "0-1"]
[WhiteElo "1598"]
[BlackElo "1879"]
[PlyCount "48"]
[EventDate "2010.01.07"]
[EventType "swiss"]
[EventRounds "6"]
[EventCountry "CAN"]

1. c4 Nf6 2. g3 e5 3. Bg2 c6 4. d4 exd4 5. Qxd4 Qa5+ 6. Bd2 Qb6 7. Qe5+ Be7 8.
b3 d6 9. Qg5 Ne4 10. Qf4 Nxd2 11. Nxd2 Be6 12. Ngf3 Nd7 13. O-O O-O 14. Rfd1
Nf6 15. Nf1 Rad8 16. h3 d5 17. Ne3 Rfe8 18. g4 Bd6 19. Qd4 Bc5 20. Qc3 d4 21.
Qc2 dxe3 22. g5 exf2+ 23. Kf1 Nh5 24. Bh1 Bxh3+ 0-1

[Event "Scarborough CC Jack Frost"]
[Site "Toronto CAN"]
[Date "2010.01.28"]
[Round "4"]
[White "Jizan, Masoud"]
[Black "Mesiti, Silvano"]
[Result "1/2-1/2"]
[WhiteElo "1774"]
[BlackElo "1696"]
[PlyCount "64"]
[EventDate "2010.01.07"]
[EventType "swiss"]
[EventRounds "6"]
[EventCountry "CAN"]

1. e4 e5 2. d4 exd4 3. c3 d6 4. cxd4 Nc6 5. Bc4 Nf6 6. Nc3 Be7 7. Nge2 O-O 8.
Nf4 a6 9. a4 Re8 10. O-O b6 11. Re1 Na5 12. Ba2 Bf8 13. f3 Nc6 14. Bxf7+ Kxf7
15. Qb3+ d5 16. Ncxd5 Nxd5 17. Bd2 Nxd4 18. Qc4 Bc5 19. Kh1 Ne6 20. exd5 Nxf4
21. Bxf4 Bd6 22. Bxd6 cxd6 23. Rxe8 Qxe8 24. Qf4+ Kg8 25. Qxd6 Bd7 26. Qxb6
Bxa4 27. b3 Bb5 28. Rc1 Rc8 29. Rd1 Rb8 30. Qc7 Rc8 31. Qa5 Qd8 32. Qe1 Qd6
1/2-1/2

[Event "Scarborough CC Jack Frost"]
[Site "Toronto CAN"]
[Date "2010.01.28"]
[Round "4"]
[White "Krupka, David"]
[Black "Manalo, Pepin"]
[Result "1-0"]
[WhiteElo "2047"]
[BlackElo "1808"]
[PlyCount "73"]
[EventDate "2010.01.07"]
[EventType "swiss"]
[EventRounds "6"]
[EventCountry "CAN"]

1. d4 Nf6 2. c4 d6 3. Nf3 Nbd7 4. Nc3 c6 5. g3 e5 6. e4 Be7 7. Bg2 O-O 8. O-O
Qc7 9. h3 Nb6 10. Qe2 Bd7 11. Bg5 Rfe8 12. Rac1 Rad8 13. b3 h6 14. Be3 Bf8 15.
d5 c5 16. Qd2 Qc8 17. Kh2 a6 18. Ng1 Kh8 19. f4 exf4 20. Bxf4 Ng8 21. g4 f6 22.
Nge2 Qc7 23. Ng3 g5 24. Be3 Re5 25. Nce2 Be8 26. Nf5 Bg6 27. Neg3 Ne7 28. Qf2
Nxf5 29. gxf5 Bf7 30. Bd2 Nd7 31. Bf3 Ree8 32. Rce1 Bg7 33. h4 Re7 34. Bc3 Ne5
35. Bxe5 Rxe5 36. Qg2 Rg8 37. Qh3 1-0

[Event "Scarborough CC Jack Frost"]
[Site "Toronto CAN"]
[Date "2010.01.28"]
[Round "4"]
[White "Mahoney, Ian"]
[Black "Ugodnikov, Arkadiy"]
[Result "1-0"]
[WhiteElo "1570"]
[BlackElo "1839"]
[PlyCount "55"]
[EventDate "2010.01.07"]
[EventType "swiss"]
[EventRounds "6"]
[EventCountry "CAN"]

1. e4 e6 2. d4 d5 3. Nc3 Nf6 4. e5 Nfd7 5. f4 c5 6. Nf3 Nc6 7. Be3 a6 8. Ne2 b5
9. c3 Be7 10. Ng3 cxd4 11. cxd4 Bb7 12. Rc1 Rc8 13. Bd3 Nb4 14. Bb1 Rxc1 15.
Bxc1 Nxa2 16. Bd2 Nb4 17. O-O g6 18. Ng5 O-O 19. Qg4 Nc6 20. f5 Bxg5 21. Bxg5
Qe8 22. f6 Kh8 23. Rf4 Rg8 24. Qh3 Nf8 25. Bh6 Ne7 26. Bxf8 Nf5 27. Nxf5 exf5
28. Qxh7+ 1-0

[Event "Scarborough CC Jack Frost"]
[Site "Toronto CAN"]
[Date "2010.01.28"]
[Round "4"]
[White "Paterson, Jim"]
[Black "Azmitia, Gabriel"]
[Result "1-0"]
[WhiteElo "1877"]
[BlackElo "1526"]
[PlyCount "149"]
[EventDate "2010.01.07"]
[EventType "swiss"]
[EventRounds "6"]
[EventCountry "CAN"]

1. e3 c5 2. f4 e6 3. c4 a6 4. Nc3 Nc6 5. Nf3 d6 6. a3 Be7 7. Be2 Nf6 8. O-O b6
9. Qc2 O-O 10. d3 Re8 11. Bd2 Bb7 12. Rad1 Qc7 13. Ne4 Nd7 14. Be1 Rad8 15. Bg3
Nf6 16. Nfg5 h6 17. Nh3 Qc8 18. Bf3 Rd7 19. Qf2 d5 20. Nxf6+ Bxf6 21. cxd5 exd5
22. Bg4 Nd4 23. Bxd7 Qxd7 24. Kh1 Nf5 25. Rfe1 Qb5 26. Rd2 Qc6 27. Ng1 Ne7 28.
Bh4 Bxh4 29. Qxh4 Nf5 30. Qf2 Qg6 31. Nf3 f6 32. Nh4 Nxh4 33. Qxh4 Qf7 34. Qf2
f5 35. Rc2 Kh7 36. Kg1 Bc6 37. b4 Ba4 38. Rc3 c4 39. dxc4 dxc4 40. Rec1 Re4 41.
Qe2 b5 42. Qd2 Qe6 43. Rf1 h5 44. Rf3 Kh6 45. Qd8 Kh7 46. Rg3 Rxf4 47. Qg5 Rg4
48. Qxh5+ Kg8 49. Rxg4 fxg4 50. Qg5 Qe4 51. Qd8+ Kh7 52. Qd4 Qb1+ 53. Kf2 Bc2
54. Qxg4 Bg6 55. Qh4+ Kg8 56. Qd8+ Kh7 57. Qd2 Qf5+ 58. Ke1 Qb1+ 59. Qc1 Qe4
60. Qb2 Qh4+ 61. g3 Qe4 62. Qe2 Qh1+ 63. Kd2 Qe4 64. Qf1 Qd5+ 65. Kc1 Qe4 66.
Kb2 Qd5 67. Qc1 Qg2+ 68. Rc2 Bxc2 69. Qxc2+ Qxc2+ 70. Kxc2 Kg6 71. Kc3 Kf5 72.
Kd4 g5 73. h3 g4 74. h4 Ke6 75. e4 1-0

[Event "Scarborough CC Jack Frost"]
[Site "Toronto CAN"]
[Date "2010.01.28"]
[Round "4"]
[White "Perez, Michael"]
[Black "Hahnewald, Uwe"]
[Result "0-1"]
[WhiteElo "1734"]
[BlackElo "1911"]
[PlyCount "40"]
[EventDate "2010.01.07"]
[EventType "swiss"]
[EventRounds "6"]
[EventCountry "CAN"]

1. e4 e5 2. d4 exd4 3. c3 dxc3 4. Bc4 Nc6 5. Nxc3 Nf6 6. Nf3 d6 7. O-O Be7 8.
Qe2 Bg4 9. h3 Nd4 10. Qd3 Nxf3+ 11. gxf3 Bxh3 12. Rd1 Qd7 13. Bb5 c6 14. Ba4
O-O 15. Bf4 Rad8 16. Kh1 Rfe8 17. Rg1 Kh8 18. Bc2 g6 19. Bh6 Be6 20. Ne2 Bc4
0-1

[Event "Scarborough CC Jack Frost"]
[Site "Toronto CAN"]
[Date "2010.01.28"]
[Round "4"]
[White "Poirier, Vincent"]
[Black "Lin, Tony (Juntao)"]
[Result "1/2-1/2"]
[WhiteElo "1624"]
[BlackElo "1732"]
[PlyCount "120"]
[EventDate "2010.01.07"]
[EventType "swiss"]
[EventRounds "6"]
[EventCountry "CAN"]

1. e4 e6 2. d4 d5 3. e5 c5 4. c3 Nc6 5. Nf3 Qb6 6. Bd3 cxd4 7. cxd4 Bd7 8. Be2
Nge7 9. O-O Nf5 10. Be3 Qxb2 11. Nbd2 Qb6 12. Rb1 Qc7 13. Bd3 Nxe3 14. fxe3 Be7
15. h4 h6 16. Nh2 Rf8 17. Qh5 O-O-O 18. Nb3 Kb8 19. Rfc1 Ka8 20. Nc5 Bxc5 21.
Rxc5 f6 22. Nf3 f5 23. Nd2 Be8 24. Qd1 b6 25. Rc3 Qe7 26. Bb5 Na5 27. Bxe8
Rfxe8 28. Qc2 Qf8 29. Rc1 Kb8 30. Rc7 Rc8 31. Kf2 Nc4 32. Rxc8+ Rxc8 33. Nxc4
Rxc4 34. Qd2 Qb4 35. Qxb4 Rxb4 36. Rc6 Rb2+ 37. Kf3 Rxa2 38. Rxe6 Rc2 39. Rd6
Rc7 40. Rxd5 a5 41. Rb5 Rb7 42. e6 g6 43. Re5 Re7 44. d5 Kc7 45. e4 Kd6 46. Kf4
g5+ 47. hxg5 hxg5+ 48. Kxf5 a4 49. Kf6 Re8 50. e7 a3 51. Re6+ Kc7 52. Rc6+ Kd7
53. Rxb6 a2 54. Ra6 Rxe7 55. Rxa2 Rxe4 56. Kxg5 Re5+ 57. Kf6 Rxd5 58. g4 Rd6+
59. Kf7 Rd4 60. g5 Rf4+ 1/2-1/2

[Event "Scarborough CC Jack Frost"]
[Site "Toronto CAN"]
[Date "2010.01.28"]
[Round "4"]
[White "Song, Michael"]
[Black "Casareno, Erwin"]
[Result "0-1"]
[WhiteElo "1849"]
[BlackElo "2204"]
[PlyCount "74"]
[EventDate "2010.01.07"]
[EventType "swiss"]
[EventRounds "6"]
[EventCountry "CAN"]

1. d4 d5 2. c4 c6 3. cxd5 cxd5 4. Nf3 Nc6 5. Nc3 Nf6 6. Bf4 Qb6 7. Qb3 Qxb3 8.
axb3 Bf5 9. e3 a6 10. Ne5 Nb4 11. Bb5+ Bd7 12. Nxd7 Nxd7 13. O-O Rc8 14. Bxd7+
Kxd7 15. Na4 Rc6 16. Rfc1 e6 17. Rxc6 Nxc6 18. Rc1 Bb4 19. Nc5+ Bxc5 20. Rxc5
Rc8 21. Kf1 b6 22. Rc3 Na5 23. b4 Nc4 24. Rc2 Nxe3+ 25. Bxe3 Rxc2 26. Ke1 Rxb2
27. Bd2 Kc6 28. Bc3 Rc2 29. Bd2 Rc4 30. Ke2 Rxd4 31. Bc3 Re4+ 32. Kd3 f6 33. f3
Rc4 34. g4 Kb5 35. g5 e5 36. gxf6 gxf6 37. f4 Rxf4 0-1

[Event "Scarborough CC Jack Frost"]
[Site "Toronto CAN"]
[Date "2010.01.28"]
[Round "4"]
[White "Southam, David"]
[Black "Sellars, Karl"]
[Result "1/2-1/2"]
[WhiteElo "2158"]
[BlackElo "2236"]
[PlyCount "27"]
[EventDate "2010.01.07"]
[EventType "swiss"]
[EventRounds "6"]
[EventCountry "CAN"]

1. d4 d5 2. Nf3 Nf6 3. g3 c5 4. Bg2 cxd4 5. O-O g6 6. Nxd4 Bg7 7. c4 O-O 8.
cxd5 Nxd5 9. Nc3 Nxc3 10. bxc3 Nd7 11. Qb3 Nb6 12. Rd1 Qc7 13. Be3 Bd7 14. Nb5
1/2-1/2

[Event "Scarborough CC Jack Frost"]
[Site "Toronto CAN"]
[Date "2010.01.28"]
[Round "4"]
[White "Stewart, Frankie"]
[Black "Gillis, Doug"]
[Result "1/2-1/2"]
[WhiteElo "1770"]
[BlackElo "1692"]
[PlyCount "86"]
[EventDate "2010.01.07"]
[EventType "swiss"]
[EventRounds "6"]
[EventCountry "CAN"]

1. d4 e6 2. c4 Nf6 3. Nc3 Bb4 4. Qc2 Nc6 5. Nf3 d6 6. e4 Bxc3+ 7. bxc3 e5 8.
Be2 Bg4 9. Be3 Qe7 10. O-O O-O 11. Rfe1 Na5 12. Rab1 b6 13. Nd2 Bxe2 14. Rxe2
Ng4 15. f3 Nxe3 16. Rxe3 Qg5 17. Re2 Nc6 18. Qd3 f5 19. exf5 Qxf5 20. Re4 exd4
21. cxd4 Rfe8 22. Rbe1 Rxe4 23. Rxe4 d5 24. cxd5 Qxd5 25. Rh4 g6 26. a3 Rd8 27.
Nb3 a5 28. a4 Nb4 29. Qe3 Qd7 30. Re4 Nd5 31. Qg5 Kg7 32. h4 Nf6 33. Re5 Re8
34. Rb5 Re1+ 35. Kh2 Qd6+ 36. Re5 Nh5 37. f4 Rxe5 38. dxe5 Qd3 39. Qe7+ Kg8 40.
Qe8+ Kg7 41. Qe7+ Kg8 42. Qe6+ Kg7 43. Qe7+ Kg8 1/2-1/2

[Event "Scarborough CC Jack Frost"]
[Site "Toronto CAN"]
[Date "2010.01.28"]
[Round "4"]
[White "Takov, Chris"]
[Black "Wu, Aaron"]
[Result "0-1"]
[WhiteElo "1734"]
[BlackElo "1917"]
[PlyCount "134"]
[EventDate "2010.01.07"]
[EventType "swiss"]
[EventRounds "6"]
[EventCountry "CAN"]

1. c4 Nf6 2. Nc3 g6 3. g3 Bg7 4. Bg2 O-O 5. Nf3 d6 6. O-O Nc6 7. a3 a6 8. d3
Rb8 9. h3 b6 10. Be3 Bb7 11. b4 Ng4 12. Bd2 Nge5 13. Rc1 Nxf3+ 14. Bxf3 Ne5 15.
Bg2 c5 16. f4 Bxg2 17. Kxg2 Nc6 18. b5 Nd4 19. e3 Ne6 20. bxa6 Ra8 21. Qa4 Nc7
22. a7 Qc8 23. Qc6 Rxa7 24. a4 Qa8 25. Qxa8 Rfxa8 26. Rb1 Rb8 27. a5 Rxa5 28.
Nb5 Ra2 29. Nxc7 Rxd2+ 30. Kf3 Rxd3 31. Nd5 Kf8 32. Nxb6 Ke8 33. Nd5 Rdb3 34.
Nc7+ Kd7 35. Nb5 Rxb1 36. Rxb1 e6 37. e4 f5 38. e5 dxe5 39. Rd1+ Ke7 40. fxe5
Bxe5 41. Re1 Bg7 42. g4 Rb7 43. g5 e5 44. Kg3 e4 45. Kf4 Rd7 46. Re3 Ke6 47.
Ra3 Be5+ 48. Ke3 Rd3+ 49. Rxd3 exd3 50. Kxd3 Bf4 51. h4 Bg3 52. Ke3 Bxh4 53.
Kf4 Be1 54. Nc7+ Kd7 55. Nd5 Bd2+ 56. Ke5 Bxg5 57. Nb6+ Kc7 58. Nd5+ Kc6 59.
Nc3 h5 60. Ne2 h4 61. Ng1 Kd7 62. Nh3 Be3 63. Kf6 Kd6 64. Kxg6 Ke5 65. Kh5 Kd4
66. Kxh4 Kxc4 67. Kg3 Kd3 0-1

[Event "Scarborough CC Jack Frost"]
[Site "Toronto CAN"]
[Date "2010.01.28"]
[Round "4"]
[White "Ward, Dean"]
[Black "Ferreira, Alex"]
[Result "1/2-1/2"]
[WhiteElo "1772"]
[BlackElo "2060"]
[PlyCount "135"]
[EventDate "2010.01.07"]
[EventType "swiss"]
[EventRounds "6"]
[EventCountry "CAN"]

1. d4 d5 2. c4 e5 3. dxe5 d4 4. Nf3 Nc6 5. g3 Nge7 6. Bg5 h6 7. Bxe7 Bxe7 8. a3
Be6 9. Nbd2 Qd7 10. Bg2 O-O-O 11. O-O g5 12. b4 g4 13. b5 Na5 14. Ne1 Nxc4 15.
Nxc4 Bxc4 16. a4 Qe6 17. Nd3 Bxd3 18. exd3 Bb4 19. f4 h5 20. Rf2 Bc3 21. Rb1 h4
22. Qe2 hxg3 23. hxg3 Qf5 24. Qe4 Qxe4 25. Bxe4 Rh3 26. Kg2 Rh5 27. Rh1 Rxh1
28. Kxh1 Rh8+ 29. Rh2 Rg8 30. Bf5+ Kd8 31. Rh4 c6 32. bxc6 bxc6 33. Rxg4 Rh8+
34. Kg2 Ke7 35. Be4 Rc8 36. Rg7 Kf8 37. Rh7 Kg8 38. g4 Rb8 39. Rh6 Rb2+ 40. Kh3
Bd2 41. Rf6 Rb3 42. Kg3 c5 43. Rc6 Bb4 44. e6 fxe6 45. Rxe6 Ra3 46. Ra6 Kf8 47.
Kf2 Ra2+ 48. Kf1 Ra1+ 49. Ke2 Re1+ 50. Kf2 c4 51. Rxa7 c3 52. Rc7 Ra1 53. Ke2
Rxa4 54. g5 Ra2+ 55. Kd1 Rd2+ 56. Kc1 Ba3+ 57. Kb1 Rb2+ 58. Ka1 Rb5 59. g6 Rc5
60. Rxc5 Bxc5 61. Kb1 Kg7 62. f5 Be7 63. Kc2 Bg5 64. Bd5 Bf6 65. Kd1 Kh6 66.
Ke2 Kg5 67. Be6 Be5 68. Kd1 1/2-1/2

[Event "Scarborough CC Jack Frost"]
[Site "Toronto CAN"]
[Date "2010.01.28"]
[Round "4"]
[White "Wiebe, Daniel"]
[Black "Moran-Venegas, Mario"]
[Result "1-0"]
[WhiteElo "1940"]
[BlackElo "1634"]
[PlyCount "95"]
[EventDate "2010.01.07"]
[EventType "swiss"]
[EventRounds "6"]
[EventCountry "CAN"]

1. e4 e5 2. Nf3 Nc6 3. d4 exd4 4. Nxd4 Bc5 5. Nxc6 bxc6 6. Bc4 Qe7 7. Qe2 Nf6
8. Nc3 O-O 9. e5 Nd5 10. Nxd5 cxd5 11. Bxd5 Bxf2+ 12. Kf1 c6 13. Bxc6 dxc6 14.
Kxf2 f6 15. Re1 Qc5+ 16. Be3 Qxe5 17. Kg1 Qxb2 18. Qc4+ Kh8 19. Rab1 Qa3 20.
Bc5 Ba6 21. Bxa3 Bxc4 22. Bxf8 Rxf8 23. Rb7 Bxa2 24. Ree7 Rg8 25. Rxa7 Bc4 26.
Kf2 h5 27. g3 Kh7 28. Ke3 Kg6 29. Rad7 Bd5 30. h4 Bg2 31. c4 Bf1 32. Kd4 Bh3
33. Rc7 Bg2 34. Kc5 Bf3 35. Kb6 Bg2 36. c5 Rb8+ 37. Rb7 Rxb7+ 38. Rxb7 Kh6 39.
Rc7 g5 40. Rxc6 Bxc6 41. Kxc6 f5 42. Kd5 f4 43. hxg5+ Kxg5 44. gxf4+ Kxf4 45.
c6 h4 46. c7 h3 47. c8=Q Kf3 48. Qxh3+ 1-0

[Event "Scarborough CC Jack Frost"]
[Site "Toronto CAN"]
[Date "2010.01.28"]
[Round "4"]
[White "Yusuf, Magas"]
[Black "Kurkowski, Ken"]
[Result "1-0"]
[WhiteElo "1614"]
[BlackElo "1626"]
[PlyCount "86"]
[EventDate "2010.01.07"]
[EventType "swiss"]
[EventRounds "6"]
[EventCountry "CAN"]

1. e4 d5 2. exd5 Qxd5 3. Nc3 Qd6 4. d4 Nf6 5. Nf3 c6 6. Bd3 Bg4 7. Be3 e6 8.
Be2 Nbd7 9. Qd2 Qc7 10. h3 Bf5 11. Nh4 Bg6 12. Nxg6 hxg6 13. Bf3 Bd6 14. Ne2
Nd5 15. Bxd5 exd5 16. Bf4 O-O-O 17. O-O-O Nf6 18. f3 Rde8 19. Bxd6 Qxd6 20.
Rhe1 Re7 21. Nf4 Rhe8 22. Nd3 Nd7 23. Rxe7 Rxe7 24. Re1 Re6 25. Rxe6 Qxe6 26.
Qe1 Qxe1+ 27. Nxe1 Kc7 28. Nd3 Kd6 29. Kd2 g5 30. Ke3 f5 31. f4 gxf4+ 32. Kxf4
Ke6 33. Kg5 Nb6 34. Nc5+ Kf7 35. b3 g6 36. Nxb7 Nd7 37. Nd8+ Kg7 38. Nxc6 a6
39. Ne7 Nf6 40. Kf4 Ne4 41. Nxd5 a5 42. c4 Nd2 43. c5 Ne4 1-0

[Event "Scarborough CC Jack Frost"]
[Site "Toronto CAN"]
[Date "2010.02.04"]
[Round "5"]
[White "Armstrong, Robert J"]
[Black "Bellissimo, Joseph"]
[Result "1-0"]
[WhiteElo "1818"]
[BlackElo "1612"]
[PlyCount "59"]
[EventDate "2010.01.07"]
[EventType "swiss"]
[EventRounds "6"]
[EventCountry "CAN"]

1. d4 Nf6 2. c4 e6 3. Nf3 d5 4. e3 c6 5. Bd3 Bd6 6. O-O O-O 7. Nc3 Nbd7 8. b3
dxc4 9. bxc4 c5 10. d5 exd5 11. cxd5 a6 12. a4 Qc7 13. e4 Ne5 14. h3 Nxd3 15.
Qxd3 c4 16. Qc2 Re8 17. Bg5 Nd7 18. Rae1 Ne5 19. Nxe5 Bxe5 20. f4 Qb6+ 21. Kh1
Bf6 22. Bxf6 Qxf6 23. e5 Qh4 24. f5 Qd4 25. e6 fxe6 26. fxe6 b6 27. Re4 Qc5 28.
Rh4 h6 29. Rxh6 Bb7 30. Qh7# 1-0